000 00787pam a2200289 a 4500
001 2841326
003 LC
005 20160223121637.0
008 840510s1984 nyu 000 0 eng
010 _a 84011267
020 _a0061007161
020 _a0671504681 (Pocket book)
040 _aDLC
_cDLC
_dDLC
050 0 0 _aPR 6051.R285
_b.Ar671 1993
082 0 0 _aFIC
_bAr2f 1984
100 1 _aArcher, Jeffrey,
_d1940-
_917443
245 1 0 _aFirst among equals
_cJeffrey Archer
260 _aNew York :
_bHarper Paperbacks,
_cc1993.
300 _a483 p. :
_c17 cm.
562 _e1
650 _aFiction.
_9746
650 _a Rivalry -- Fiction.
650 _aPolitical -- Fiction.
906 _a7
_bcbc
_corignew
_d1
_eocip
_f19
_gy-gencatlg
942 _2lcc
_cBK
999 _c10718
_d10718